000 00451nam a2200145Ia 4500
008 100122s9999 xx 000 0 und d
082 _b70076
_a181.4
100 _aओशो
245 _aअंतर्यात्रा
260 _bजीवन जागृती केंद्र प्रकाशन
_c1979
300 _a181
630 _aअंतर्यात्रा
730 _aअंतर्यात्रा
942 _cBOOK
999 _c441163
_d441160